000 00431nam a2200145 i 4500
001 23896
003 ES-MaACL
007 t|
008 021213s1852 fr ||||1| fre d
100 1 _aAnne, Theodore.
_921811
245 1 3 _aLa Chambre Rouge
_b: drame en cing actes précede du Prince Royal prologue en un acte /
_cTheodore Anne.
260 _aParís :
_b[s.n.],
_c1852.
740 0 _aPrince Royal.
852 _aES-MaACL
_jT-731-F-2
999 _c23896
_d23896